[Event "GER-chT U20"]
[Site "Magdeburg"]
[Date "2023.12.29"]
[Round "6.8"]
[White "Dartmann Aubanell, Catriona"]
[Black "Rabenstein, Jonathan"]
[Result "1/2-1/2"]
[WhiteElo "1856"]
[BlackElo "1441"]
[PlyCount "80"]
[EventDate "2023.12.26"]
[EventType "team-swiss"]
[EventRounds "7"]
[EventCountry "GER"]
[SourceTitle "CBM 218 Extra"]
[Source "ChessBase"]
[SourceDate "2024.03.31"]
[SourceVersion "1"]
[SourceVersionDate "2024.03.31"]
[SourceQuality "1"]
[WhiteTeam "Hemer"]
[BlackTeam "Magdeburg USC"]
[WhiteTeamCountry "GER"]
[BlackTeamCountry "GER"]

1. e4 e5 2. Nf3 Nc6 3. Bb5 a6 4. Ba4 Nge7 5. c3 g6 6. 0-0 Bg7 7. d4 exd4 8. cxd4 0-0 9. Nc3 b5 10. Bc2 Bb7 11. Be3 d6 12. Rc1 Rb8 13. Qd2 Re8 14. Ne2 Qd7 15. Bh6 d5 16. Bxg7 Kxg7 17. e5 Nd8 18. Qg5 Ne6 19. Qf6+ Kg8 20. Nf4 Nc6 21. Nxe6 Qxe6 22. Qh4 h5 23. h3 Kg7 24. Rfe1 Qe7 25. Qf4 Nd8 26. Qf6+ Qxf6 27. exf6+ Kf8 28. Ne5 Bc8 29. Nxg6+ fxg6 30. Rxe8+ Kxe8 31. Bxg6+ Kf8 32. Rxc7 Be6 33. Bxh5 Rc8 34. Rxc8 Bxc8 35. g4 Ne6 36. Kh2 Nf4 37. Kg3 Nxh5+ 38. gxh5 Kf7 39. Kf4 Kxf6 40. h4 Bf5 1/2-1/2

[Event "BL 2223 (Women)"]
[Site "Germany"]
[Date "2023.03.11"]
[Round "7.6"]
[White "Valkova, Angelika"]
[Black "Dartmann Aubanell, Catriona"]
[Result "1-0"]
[WhiteElo "2008"]
[BlackElo "1870"]
[PlyCount "47"]
[EventDate "2022.10.15"]
[EventType "team-tourn"]
[EventRounds "11"]
[EventCountry "GER"]
[SourceTitle "CBM 213 Extra"]
[Source "ChessBase"]
[SourceDate "2023.05.31"]
[SourceVersion "1"]
[SourceVersionDate "2023.05.31"]
[SourceQuality "1"]
[WhiteTeam "Deizisau (W)"]
[BlackTeam "Hemer (W)"]
[WhiteTeamCountry "GER"]
[BlackTeamCountry "GER"]

1. d4 d5 2. c4 c6 3. cxd5 cxd5 4. Nc3 Nf6 5. Bf4 Nc6 6. e3 Bf5 7. Qb3 Qd7 8. Bb5 a6 9. Bxc6 Qxc6 10. Nf3 e6 11. Ne5 Qc8 12. 0-0 b5 13. Rfc1 Qd8 14. Nxb5 axb5 15. Qxb5+ Nd7 16. Qb7 Nxe5 17. Bxe5 f6 18. Rc7 Bb4 19. Qb5+ Kf8 20. Qxb4+ Kg8 21. Qb7 Bg6 22. Rd7 fxe5 23. Rxd8+ Rxd8 24. Rc1 1-0

[Event "Wch U18 Girls"]
[Site "Mamaia"]
[Date "2022.09.08"]
[Round "3"]
[White "Dartmann Aubanell, Catriona"]
[Black "Rakshitta, Ravi"]
[Result "0-1"]
[WhiteElo "1924"]
[BlackElo "2238"]
[PlyCount "66"]
[EventDate "2022.09.06"]
[EventType "swiss"]
[EventRounds "11"]
[EventCountry "ROU"]
[SourceTitle "CBM 210 Extra"]
[Source "ChessBase"]
[SourceDate "2022.11.30"]
[SourceVersion "1"]
[SourceVersionDate "2022.11.30"]
[SourceQuality "1"]

1. e4 e5 2. Nf3 Nc6 3. Bb5 Nge7 4. Nc3 Ng6 5. d4 Nxd4 6. Nxd4 exd4 7. Qxd4 c6 8. Be2 Qb6 9. Qd3 Be7 10. 0-0 0-0 11. Kh1 d6 12. f4 f5 13. Bf3 fxe4 14. Bxe4 d5 15. Bxg6 hxg6 16. b3 Bf5 17. Qe2 Rae8 18. Na4 Qb5 19. Qxb5 cxb5 20. Nc3 Bf6 21. Bb2 Rc8 22. Nd1 Bxb2 23. Nxb2 Rxc2 24. Nd1 Re8 25. Nf2 Ree2 26. Kg1 Rxa2 27. Rxa2 Rxa2 28. g4 Be4 29. Nxe4 dxe4 30. Re1 Rb2 31. Rxe4 Rxb3 32. Re7 a5 33. Rxb7 a4 0-1

[Event "Wch U18 Girls"]
[Site "Mamaia"]
[Date "2022.09.06"]
[Round "1"]
[White "Kurmangaliyeva, Liya"]
[Black "Dartmann Aubanell, Catriona"]
[Result "1-0"]
[WhiteElo "2199"]
[BlackElo "1924"]
[PlyCount "67"]
[EventDate "2022.09.06"]
[EventType "swiss"]
[EventRounds "11"]
[EventCountry "ROU"]
[SourceTitle "CBM 210 Extra"]
[Source "ChessBase"]
[SourceDate "2022.11.30"]
[SourceVersion "1"]
[SourceVersionDate "2022.11.30"]
[SourceQuality "1"]

1. c4 c6 2. d4 d5 3. Nf3 Nf6 4. e3 e6 5. Bd3 Nbd7 6. b3 Bd6 7. Bb2 0-0 8. 0-0 c5 9. Nbd2 Qc7 10. Rc1 b6 11. cxd5 exd5 12. e4 dxe4 13. Nxe4 Nxe4 14. Bxe4 Bb7 15. dxc5 Bf4 16. Bxb7 Bxc1 17. Qxc1 Qxb7 18. c6 Qc7 19. cxd7 Qxd7 20. Rd1 Qf5 21. Qc3 f6 22. Qc4+ Kh8 23. Nd4 Qh5 24. Rc1 Rfd8 25. h3 Qe8 26. Qb4 Rd5 27. Rc7 Qe4 28. Qe7 Qb1+ 29. Kh2 Rg8 30. Bc3 Qxa2 31. Nf3 Rc5 32. Rxa7 Qb1 33. Qxg7+ Rxg7 34. Ra8+ 1-0

[Event "GER-ch U18 Girls"]
[Site "Willingen"]
[Date "2022.06.06"]
[Round "3"]
[White "Dartmann Aubanell, Catriona"]
[Black "Heutling, Elina"]
[Result "0-1"]
[WhiteElo "1872"]
[BlackElo "1798"]
[PlyCount "86"]
[EventDate "2022.06.04"]
[EventType "swiss"]
[EventRounds "9"]
[EventCountry "GER"]
[SourceTitle "CBM 208 Extra"]
[Source "ChessBase"]
[SourceDate "2022.07.31"]
[SourceVersion "1"]
[SourceVersionDate "2022.07.31"]
[SourceQuality "1"]

1. e4 c5 2. Nf3 d6 3. Bb5+ Bd7 4. Bxd7+ Qxd7 5. 0-0 Nf6 6. Re1 Nc6 7. c3 e6 8. d4 cxd4 9. cxd4 d5 10. e5 Ne4 11. Nbd2 Nxd2 12. Bxd2 Be7 13. Rc1 0-0 14. Rc3 Rfc8 15. a3 Bd8 16. Rd3 Ne7 17. h4 Nf5 18. h5 h6 19. Kh1 Kh7 20. Rg1 g5 21. hxg6+ fxg6 22. g4 Nh4 23. Nxh4 Bxh4 24. g5 hxg5 25. Bxg5 Bxg5 26. Rxg5 Rh8 27. Qg4 Kg7+ 28. Kg2 Rh6 29. Rg3 Qe8 30. Qf4 Qe7 31. Qg4 Qe8 32. Rf3 Rc8 33. Rf6 Rc6 34. b4 b5 35. Qf3 Rc7 36. Qd3 a6 37. a4 Kh7 38. axb5 axb5 39. f4 Qc8 40. Kf2 Rh2+ 41. Kg1 Rh6 42. Rfxg6 Rc1+ 43. Kf2 Qc2+ 0-1

[Event "BL 2122 (Women)"]
[Site "Germany"]
[Date "2022.05.27"]
[Round "4.6"]
[White "Jelica, Mara"]
[Black "Dartmann Aubanell, Catriona"]
[Result "1-0"]
[WhiteElo "2121"]
[BlackElo "1874"]
[PlyCount "61"]
[EventDate "2021.11.27"]
[EventType "team-tourn"]
[EventRounds "11"]
[EventCountry "GER"]
[SourceTitle "EXT 2023"]
[Source "ChessBase"]
[SourceDate "2022.10.05"]
[SourceVersion "1"]
[SourceVersionDate "2022.10.05"]
[SourceQuality "1"]
[WhiteTeam "Deizisau (W)"]
[BlackTeam "Hemer (W)"]
[WhiteTeamCountry "GER"]
[BlackTeamCountry "GER"]

1. c4 c6 2. e4 d5 3. exd5 cxd5 4. cxd5 Nf6 5. Bb5+ Bd7 6. Bc4 g6 7. Nc3 Bg7 8. Nf3 0-0 9. 0-0 Qb6 10. d3 Na6 11. Qe2 Rfe8 12. Ne5 Rad8 13. Bg5 Bf5 14. Be3 Qd6 15. Bxa7 Nc7 16. d4 Nfxd5 17. Bc5 Qf6 18. Rad1 Qg5 19. f4 Qh4 20. g3 Qf6 21. Qf3 e6 22. g4 g5 23. gxf5 gxf4 24. fxe6 fxe6 25. Bxd5 Nxd5 26. Nxd5 exd5 27. Qxf4 Qa6 28. Qf7+ Kh8 29. Be7 Rg8 30. Kh1 Qe2 31. Qf3 1-0

[Event "BL 2122 (Women)"]
[Site "Germany"]
[Date "2021.11.27"]
[Round "1.6"]
[White "Zahn, Alina"]
[Black "Dartmann Aubanell, Catriona"]
[Result "1/2-1/2"]
[WhiteElo "2099"]
[BlackElo "1874"]
[PlyCount "144"]
[EventDate "2021.11.27"]
[EventType "team-tourn"]
[EventRounds "11"]
[EventCountry "GER"]
[SourceTitle "EXT 2023"]
[Source "ChessBase"]
[SourceDate "2022.10.05"]
[SourceVersion "1"]
[SourceVersionDate "2022.10.05"]
[SourceQuality "1"]
[WhiteTeam "Hamburger SK (W)"]
[BlackTeam "Hemer (W)"]
[WhiteTeamCountry "GER"]
[BlackTeamCountry "GER"]

1. e4 e6 2. d4 d5 3. Bd3 dxe4 4. Bxe4 Nf6 5. Bf3 c5 6. Ne2 Nc6 7. Be3 cxd4 8. Nxd4 Ne5 9. Nc3 Bb4 10. Ndb5 Nxf3+ 11. Qxf3 Qa5 12. 0-0 0-0 13. a3 Bxc3 14. Nxc3 Qc7 15. Rad1 Bd7 16. Bg5 Bc6 17. Qe2 Nd5 18. Nxd5 Bxd5 19. b3 Qc6 20. Rfe1 Bxg2 21. Rd3 f6 22. Qxe6+ Qxe6 23. Rxe6 Bc6 24. Bf4 Rfe8 25. Rxe8+ Rxe8 26. Kf1 Kf7 27. f3 Kg6 28. Kf2 Kf5 29. Be3 a6 30. Rd4 g5 31. Bd2 h5 32. h3 Re7 33. Bc3 Rd7 34. Rxd7 Bxd7 35. Bd4 Kf4 36. Kg2 f5 37. Kf2 Bc6 38. Be3+ Ke5 39. Bxg5 Bd7 40. h4 Bc6 41. Ke3 Bd7 42. c4 Bc6 43. f4+ Kd6 44. Kd4 Ke6 45. Kc5 Kd7 46. a4 Ke6 47. Kb6 Be4 48. a5 Bf3 49. Bd8 Kd7 50. Bf6 Ke6 51. Be5 Be4 52. b4 Bd3 53. c5 Be4 54. b5 axb5 55. Kxb5 Bd5 56. Kb6 Kd7 57. Bd4 Be4 58. Be3 Bf3 59. Bf2 Be4 60. Bd4 Bf3 61. Be5 Be4 62. Bd6 Bf3 63. a6 bxa6 64. Kxa6 Be4 65. Kb5 Bf3 66. Kc4 Be4 67. Kd4 Ke6 68. Bb8 Bf3 69. Be5 Be4 70. Bb8 Bf3 71. Be5 Be4 72. Bb8 Bf3 1/2-1/2

[Event "GER-chT Christmas U20 Girls"]
[Site "Playchess.com INT"]
[Date "2020.12.29"]
[Round "1.4"]
[White "Dartmann Aubanell, Catriona"]
[Black "Wagner, Lea"]
[Result "1-0"]
[WhiteElo "1820"]
[BlackElo "757"]
[PlyCount "33"]
[EventDate "2020.12.29"]
[EventType "team-swiss (blitz)"]
[EventRounds "7"]
[EventCountry "GER"]
[SourceTitle "CBM 200 Extra"]
[Source "ChessBase"]
[SourceDate "2021.03.31"]
[SourceVersion "1"]
[SourceVersionDate "2021.03.31"]
[SourceQuality "1"]
[WhiteTeam "Hemer"]
[BlackTeam "Offenbach"]
[WhiteTeamCountry "GER"]
[BlackTeamCountry "GER"]

1. e4 e5 2. Nf3 Nc6 3. Bb5 a6 4. Ba4 b5 5. Bb3 Nf6 6. d3 d5 7. exd5 Nxd5 8. 0-0 Bg4 9. c3 b4 10. Re1 Bc5 11. d4 Bd6 12. Bxd5 Qd7 13. Nbd2 0-0-0 14. Qa4 Bxf3 15. Nxf3 Rhg8 16. Bxc6 Qe6 17. Qxa6+ 1-0

[Event "Sant Andreu Tram-B"]
[Site "Barcelona"]
[Date "2019.09.14"]
[Round "1"]
[White "Garcia Ramos, Anais"]
[Black "Dartmann Aubanell, Catriona"]
[Result "1/2-1/2"]
[WhiteElo "1793"]
[BlackElo "1829"]
[PlyCount "36"]
[EventDate "2019.09.14"]
[EventType "tourn"]
[EventRounds "9"]
[EventCountry "ESP"]
[SourceTitle "CBM 195 Extra"]
[Source "ChessBase"]
[SourceDate "2020.05.31"]
[SourceVersion "1"]
[SourceVersionDate "2020.05.31"]
[SourceQuality "1"]

1. e4 g6 2. Nc3 Bg7 3. d3 c6 4. f4 d5 5. Nf3 Bg4 6. h3 Bxf3 7. Qxf3 e6 8. Bd2 Na6 9. a3 Nc5 10. b4 Na4 11. e5 Nxc3 12. Bxc3 h5 13. Be2 h4 14. Bb2 Nh6 15. 0-0 Nf5 16. Rfe1 Bh6 17. c3 Ng3 18. Bc1 Nf5 1/2-1/2

[Event "La Pobla de Lillet op-A 29th"]
[Site "La Pobla de Lillet"]
[Date "2019.08.05"]
[Round "4"]
[White "Perez Garcia, Adria"]
[Black "Dartmann Aubanell, Catriona"]
[Result "1-0"]
[WhiteElo "2196"]
[BlackElo "1805"]
[PlyCount "39"]
[EventDate "2019.08.02"]
[EventType "swiss"]
[EventRounds "9"]
[EventCountry "ESP"]
[SourceTitle "EXT 2020"]
[Source "ChessBase"]
[SourceDate "2019.10.17"]
[SourceVersion "1"]
[SourceVersionDate "2019.10.17"]
[SourceQuality "1"]

1. a3 d5 2. d4 c5 3. dxc5 e5 4. b4 g6 5. Bb2 Bg7 6. Nf3 Nc6 7. e4 d4 8. Nbd2 Be6 9. Bc4 Qe7 10. Qe2 a5 11. Bxe6 Qxe6 12. b5 Na7 13. a4 Nf6 14. Nc4 Nxe4 15. Nb6 Rd8 16. Qxe4 d3 17. 0-0 dxc2 18. Qxc2 e4 19. Bxg7 exf3 20. Rfe1 1-0

[Event "GER-ch U25-B"]
[Site "Willingen"]
[Date "2019.06.12"]
[Round "5"]
[White "Zell, Mirjam"]
[Black "Dartmann Aubanell, Catriona"]
[Result "0-1"]
[WhiteElo "1660"]
[BlackElo "1728"]
[PlyCount "116"]
[EventDate "2019.06.08"]
[EventType "swiss"]
[EventRounds "9"]
[EventCountry "GER"]
[SourceTitle "CBM 191 Extra"]
[Source "ChessBase"]
[SourceDate "2019.09.30"]
[SourceVersion "1"]
[SourceVersionDate "2019.09.30"]
[SourceQuality "1"]

1. e4 e6 2. d4 d5 3. Bd3 dxe4 4. Bxe4 Nf6 5. Bf3 Nbd7 6. Ne2 Bd6 7. 0-0 e5 8. Re1 0-0 9. Ng3 Re8 10. Be3 e4 11. Be2 Nd5 12. Nf5 Nxe3 13. Nxe3 Qh4 14. g3 Qg5 15. Nd2 c6 16. Bc4 Nf6 17. Bf1 Ng4 18. Ndc4 Nxe3 19. Nxe3 f5 20. Ng2 f4 21. Qc1 e3 22. gxf4 exf2+ 23. Kxf2 Rf8 24. h4 Bxf4 25. hxg5 Bxc1+ 26. Kg1 Bxg5 27. c3 Bd7 28. Re4 Rae8 29. Rae1 Rxe4 30. Rxe4 Re8 31. Rxe8+ Bxe8 32. Bc4+ Kf8 33. Ne1 h5 34. Be6 Ke7 35. Bh3 Bg6 36. Bc8 b6 37. Nf3 Bc1 38. b3 Bb2 39. Bb7 Be4 40. Nd2 Bd5 41. c4 Bxd4+ 42. Kh2 Be6 43. Bxc6 g5 44. Nf3 Bf6 45. Be4 g4 46. Ng1 h4 47. Ne2 Be5+ 48. Kg1 h3 49. Kh1 Kf6 50. Kg1 Bf5 51. Bxf5 Kxf5 52. a3 g3 53. b4 Kg4 54. c5 bxc5 55. bxc5 Kf3 56. Nxg3 Bxg3 57. c6 h2+ 58. Kh1 Ke3 0-1

[Event "Llinars del Valles op 11th B"]
[Site "Llinars del Valles"]
[Date "2017.06.17"]
[Round "9.7"]
[White "Dartmann Aubanell, Catriona"]
[Black "Martin Capitan, Jesus C"]
[Result "0-1"]
[WhiteElo "1617"]
[BlackElo "1681"]
[PlyCount "114"]
[EventDate "2017.04.22"]
[EventType "swiss"]
[EventRounds "9"]
[EventCountry "ESP"]
[SourceTitle "EXT 2024"]
[Source "ChessBase"]
[SourceDate "2023.10.10"]
[SourceVersion "1"]
[SourceVersionDate "2023.10.10"]
[SourceQuality "1"]

1. e4 c5 2. Nf3 g6 3. c3 Bg7 4. d4 cxd4 5. cxd4 d5 6. exd5 Nf6 7. Nc3 Nxd5 8. Bc4 Nb6 9. Bb3 Nc6 10. Be3 0-0 11. h3 Na5 12. Bc2 Nbc4 13. b3 Nxe3 14. fxe3 b6 15. Be4 Bb7 16. Bxb7 Nxb7 17. 0-0 Rc8 18. Rc1 Nd6 19. e4 Bh6 20. Rc2 Qc7 21. Qd3 f6 22. Rff2 Qb7 23. Nh2 f5 24. e5 Ne4 25. Nxe4 Qxe4 26. Qxe4 fxe4 27. Rxf8+ Rxf8 28. Ng4 Bg5 29. Re2 h5 30. Nf2 e3 31. Ne4 Bh6 32. g3 Rd8 33. Nc3 Rxd4 34. Nb5 Rd1+ 35. Kg2 Rd2 36. Kf3 a5 37. Rxd2 exd2 38. Ke2 Kf7 39. Nd4 d1Q+ 40. Kxd1 Be3 41. Nf3 Ke6 42. Ke2 Bc1 43. Kd3 Kd5 44. Nh4 g5 45. Ng6 e6 46. g4 h4 47. Kc2 Bf4 48. Kd3 Bxe5 49. Nxe5 Kxe5 50. Ke3 Kd5 51. Kd3 e5 52. Ke3 e4 53. Ke2 Kd4 54. Kd2 e3+ 55. Ke2 Ke4 56. a4 Kf4 57. Kf1 Kg3 0-1

[Event "Llinars del Valles op 11th B"]
[Site "Llinars del Valles"]
[Date "2017.06.03"]
[Round "7.5"]
[White "Dartmann Aubanell, Catriona"]
[Black "Horta Gafarot, Biel"]
[Result "0-1"]
[WhiteElo "1617"]
[BlackElo "1497"]
[PlyCount "50"]
[EventDate "2017.04.22"]
[EventType "swiss"]
[EventRounds "9"]
[EventCountry "ESP"]
[SourceTitle "EXT 2024"]
[Source "ChessBase"]
[SourceDate "2023.10.10"]
[SourceVersion "1"]
[SourceVersionDate "2023.10.10"]
[SourceQuality "1"]

1. e4 d6 2. d4 Nf6 3. Nc3 g6 4. Nf3 Bg7 5. Bg5 h6 6. Be3 0-0 7. Bc4 c6 8. a4 Nbd7 9. Nh4 Kh7 10. 0-0 Nxe4 11. Nxe4 d5 12. Bd3 dxe4 13. Bxe4 Nf6 14. Bf3 Nd5 15. Be2 Nxe3 16. fxe3 e6 17. Qe1 Qb6 18. Rb1 e5 19. c3 Be6 20. Qd2 Rad8 21. Bd3 exd4 22. cxd4 Bxd4 23. Kh1 Bxe3 24. Qc2 Rg8 25. Rf3 Bg5 0-1

[Event "Llinars del Valles op 11th B"]
[Site "Llinars del Valles"]
[Date "2017.04.29"]
[Round "2.28"]
[White "Molina Barbancho, Serafin"]
[Black "Dartmann Aubanell, Catriona"]
[Result "0-1"]
[WhiteElo "1135"]
[BlackElo "1617"]
[PlyCount "110"]
[EventDate "2017.04.22"]
[EventType "swiss"]
[EventRounds "9"]
[EventCountry "ESP"]
[SourceTitle "EXT 2024"]
[Source "ChessBase"]
[SourceDate "2023.10.10"]
[SourceVersion "1"]
[SourceVersionDate "2023.10.10"]
[SourceQuality "1"]

1. d4 d5 2. c3 Nf6 3. Bf4 c6 4. Be5 Nbd7 5. Bxf6 Nxf6 6. e3 Bf5 7. Nd2 e6 8. Be2 Bd6 9. Bf3 Qc7 10. g3 0-0 11. b4 e5 12. Nb3 Rfe8 13. h3 e4 14. Bg4 Bxg4 15. hxg4 h6 16. Rh3 b6 17. a3 c5 18. bxc5 bxc5 19. dxc5 Bxc5 20. Nxc5 Qxc5 21. Qd4 Qxd4 22. cxd4 Nxg4 23. Kd2 Nxf2 24. Rh5 Red8 25. Ne2 Ng4 26. Nc3 Nf6 27. Rh3 Kh7 28. a4 Rab8 29. Ra2 Kg6 30. Rh4 Nh5 31. Rg4+ Kf5 32. Rf4+ Nxf4 33. exf4 g5 34. Ke3 Rb3 35. Rc2 Rc8 36. Kd2 Rbxc3 37. Rxc3 Rxc3 38. Kxc3 a5 39. fxg5 hxg5 40. Kd2 Kg4 41. Ke3 Kxg3 42. Ke2 f5 43. Ke3 f4+ 44. Ke2 Kg2 45. Ke1 f3 46. Kd2 f2 47. Ke3 f1Q 48. Kd2 Qd3+ 49. Kc1 Qe2 50. Kb1 Qd2 51. Ka1 Kf3 52. Kb1 Ke3 53. Ka1 Kd3 54. Kb1 Kc3 55. Ka1 Qb2# 0-1